|
|
|
|
| LEADER |
00000nab a2200000 i 4500 |
| 001 |
publ281 |
| 005 |
20150616132909.0 |
| 008 |
150616s2007 hu o 000 zxx d |
| 040 |
|
|
|a BGE Publikációtár Repozitórium
|b hun
|
| 100 |
1 |
|
|a Harsányi Dávid
|
| 245 |
1 |
0 |
|a Integrated marketing communication in higher education?
|c Harsányi Dávid
|h [elektronikus dokumentum]
|
| 260 |
|
|
|c 2007
|
| 300 |
|
|
|a 47-58
|
| 490 |
0 |
|
|a EU Working Papers
|v No. 2. sz.
|
| 650 |
|
4 |
|a társadalomtudományok
|
| 695 |
|
|
|a Marketingkommunikáció
|
| 695 |
|
|
|a Felsőoktatás
|
| 700 |
1 |
|
|a Szántó Szilvia
|e aut
|
| 856 |
4 |
0 |
|u https://publikaciotar.uni-bge.hu/id/eprint/281/1/2007_2_04.pdf
|z Dokumentum-elérés
|